000 00485nam a2200169Ia 4500
003 OSt
005 20191227103027.0
008 190216s9999||||xx |||||||||||||| ||und||
040 _coclc
082 _a330.09
_bSRI/H
100 _aSrivastava, S K
_9822
245 0 _aHistory Of Economic Thought /
_c S K Srivastava
260 _bS Chand & Company,
_c1996.
_aNew Delhi:
300 _a660 p
650 _aEconomics
942 _cBK
_2ddc
_h330.09
_iSRI/H
_k330.09
_mSRI/H
999 _c9395
_d9395